[Event "SWE-chT 1819 Superettan"]
[Site "Sweden"]
[Date "2018.11.11"]
[Round "3"]
[White "Neretljak, Nedzad"]
[Black "Todorovic, Zoran"]
[Result "1-0"]
[WhiteElo "2140"]
[BlackElo "2072"]
[PlyCount "81"]
[EventDate "2018.11.09"]
[EventType "team-tourn"]
[EventRounds "9"]
[EventCountry "SWE"]
[SourceTitle "EXT 2020"]
[Source "ChessBase"]
[SourceDate "2019.10.17"]
[SourceVersion "1"]
[SourceVersionDate "2019.10.17"]
[SourceQuality "1"]
[WhiteTeam "Vaxjo"]
[BlackTeam "Stockholm Rockaden II"]
[WhiteTeamCountry "SWE"]
[BlackTeamCountry "SWE"]

1. e4 c5 2. c3 d5 3. e5 e6 4. d4 Nc6 5. Nf3 cxd4 6. Bd3 dxc3 7. Nxc3 Nge7 8. Bg5 Qb6 9. 0-0 Ng6 10. Re1 Be7 11. Bxe7 Ncxe7 12. h4 Bd7 13. Rc1 Bc6 14. Qd2 h6 15. h5 Nf8 16. a3 a5 17. Ne2 Nd7 18. Ned4 Nc5 19. Rxc5 Qxc5 20. b4 axb4 21. axb4 Qb6 22. Qe3 Qxb4 23. Rb1 Qa5 24. Nh2 Qa7 25. Ng4 Bd7 26. Qf4 Qa4 27. Rxb7 Nf5 28. Bxf5 exf5 29. e6 fxe6 30. Qd6 fxg4 31. Nxe6 Qd1+ 32. Kh2 g3+ 33. Kxg3 Rd8 34. Nxg7+ Kf7 35. Qg6+ Kf8 36. Qf6+ Kg8 37. Qxd8+ Kh7 38. Qxd7 Qd3+ 39. Kh2 Rg8 40. Ne8+ Kh8 41. Nf6 1-0

[Event "SWE-chT 1516 Superettan"]
[Site "Sweden"]
[Date "2016.01.16"]
[Round "4"]
[White "Drugge, Patrick"]
[Black "Todorovic, Zoran"]
[Result "1-0"]
[WhiteElo "2173"]
[BlackElo "2076"]
[PlyCount "119"]
[EventDate "2015.11.06"]
[EventType "team-tourn"]
[EventRounds "9"]
[EventCountry "SWE"]
[SourceTitle "EXT 2018"]
[Source "ChessBase"]
[SourceDate "2017.10.13"]
[SourceVersion "1"]
[SourceVersionDate "2017.10.13"]
[SourceQuality "1"]
[WhiteTeam "Norrkoping Schack 08"]
[BlackTeam "Stockholm Rockaden II"]
[WhiteTeamCountry "SWE"]
[BlackTeamCountry "SWE"]

1. e4 c5 2. Nc3 Nc6 3. g3 g6 4. Bg2 Bg7 5. d3 d6 6. f4 e6 7. Nf3 Nge7 8. 0-0 0-0 9. Be3 Rb8 10. a4 b6 11. d4 f5 12. Bf2 h6 13. Qd2 a6 14. Rad1 Qc7 15. Rfe1 Rd8 16. exf5 Nxf5 17. d5 exd5 18. Nxd5 Qf7 19. c3 Kh7 20. h3 Nfe7 21. Nh4 Nf5 22. g4 Nfe7 23. Bg3 b5 24. axb5 axb5 25. Be4 Kh8 26. Bc2 Bf6 27. Qd3 Rg8 28. Nxf6 Qxf6 29. Qxd6 Qxd6 30. Rxd6 Bb7 31. Nxg6+ Nxg6 32. Bxg6 Rbd8 33. f5 c4 34. Ree6 Rxd6 35. Rxd6 Rd8 36. Rxd8+ Nxd8 37. f6 Kg8 38. Bf4 Nf7 39. Kf2 Bc8 40. Ke3 Bd7 41. Kd4 Nh8 42. Be4 Kf7 43. Be5 Ng6 44. Bd5+ Ke8 45. Bd6 Nh8 46. Kc5 Nf7 47. Bc6 Kd8 48. Be7+ Ke8 49. Bxb5 Bxb5 50. Kxb5 Ne5 51. Kc5 Kf7 52. Kd5 Nd3 53. Kxc4 Nxb2+ 54. Kd5 Nd3 55. c4 Nf4+ 56. Kd6 Nxh3 57. c5 Ng5 58. c6 Ke8 59. c7 Nf7+ 60. Kc6 1-0

[Event "Belgrade-ch"]
[Site "Belgrade"]
[Date "2010.01.29"]
[Round "7"]
[White "Djurdjevic, Petar S"]
[Black "Todorovic, Zoran"]
[Result "0-1"]
[WhiteElo "1932"]
[BlackElo "2108"]
[PlyCount "82"]
[EventDate "2010.01.23"]
[EventType "swiss"]
[EventRounds "9"]
[EventCountry "YUG"]
[SourceTitle "CBM 134 Extra"]
[Source "ChessBase"]
[SourceDate "2010.03.03"]
[SourceVersion "1"]
[SourceVersionDate "2010.03.03"]
[SourceQuality "1"]

1. e4 c5 2. Nc3 Nc6 3. f4 d6 4. g3 g6 5. Bg2 Bg7 6. Nf3 e6 7. d3 Nge7 8. Be3 Rb8 9. Qd2 b6 10. 0-0 d5 11. exd5 exd5 12. Bf2 d4 13. Nd1 0-0 14. h3 Ba6 15. g4 f5 16. Ng5 Qd6 17. Bg3 Nd5 18. Bh2 Ne3 19. Re1 Rbe8 20. Nxe3 dxe3 21. Qc1 c4 22. dxc4 e2 23. c3 Bxc4 24. Qc2 Na5 25. Kh1 Re3 26. Qa4 Bd5 27. Qb5 Bxg2+ 28. Kxg2 fxg4 29. hxg4 h6 30. f5 Be5 31. Rxe2 Rxe2+ 32. Qxe2 Bxh2 33. Ne4 Qe5 34. Re1 gxf5 35. gxf5 Bf4 36. f6 Kh8 37. b4 Nb7 38. Kh1 Nd6 39. Qf3 Nf5 40. Re2 Bg5 41. Rf2 Qxe4 0-1

[Event "Belgrade-ch"]
[Site "Belgrade"]
[Date "2010.01.25"]
[Round "3"]
[White "Sekularac, Andrej"]
[Black "Todorovic, Zoran"]
[Result "1-0"]
[WhiteElo "2104"]
[BlackElo "2108"]
[PlyCount "67"]
[EventDate "2010.01.23"]
[EventType "swiss"]
[EventRounds "9"]
[EventCountry "YUG"]
[SourceTitle "CBM 134 Extra"]
[Source "ChessBase"]
[SourceDate "2010.03.03"]
[SourceVersion "1"]
[SourceVersionDate "2010.03.03"]
[SourceQuality "1"]

1. e4 c5 2. Nf3 e6 3. d4 cxd4 4. Nxd4 a6 5. c4 Nf6 6. Bd3 Qc7 7. 0-0 d6 8. Nc3 Nbd7 9. Be3 Ne5 10. h3 Nxd3 11. Qxd3 Be7 12. Rac1 Nd7 13. b3 0-0 14. Rfd1 b6 15. Bf4 Ne5 16. Qg3 Rd8 17. h4 Bb7 18. h5 Bf6 19. a4 Qe7 20. Nf3 Nxf3+ 21. gxf3 e5 22. Be3 Bh4 23. Qg4 b5 24. axb5 axb5 25. cxb5 f5 26. Qxf5 Rf8 27. Qg4 Bc8 28. Nd5 Qd8 29. Bb6 Qxb6 30. Qxh4 Qb7 31. Rc7 Rxf3 32. Ne7+ Kh8 33. Ng6+ Kg8 34. Qd8+ 1-0

[Event "Belgrade-ch"]
[Site "Belgrade"]
[Date "2010.01.23"]
[Round "1"]
[White "Jakovljevic, Zivota"]
[Black "Todorovic, Zoran"]
[Result "1-0"]
[WhiteElo "2130"]
[BlackElo "2108"]
[PlyCount "95"]
[EventDate "2010.01.23"]
[EventType "swiss"]
[EventRounds "9"]
[EventCountry "YUG"]
[SourceTitle "CBM 134 Extra"]
[Source "ChessBase"]
[SourceDate "2010.03.03"]
[SourceVersion "1"]
[SourceVersionDate "2010.03.03"]
[SourceQuality "1"]

1. d4 Nf6 2. c4 c5 3. d5 e6 4. Nc3 exd5 5. cxd5 d6 6. e4 g6 7. Bb5+ Nfd7 8. Nf3 Bg7 9. 0-0 0-0 10. Bf4 Qe7 11. Bd3 Na6 12. Qd2 Nc7 13. Rfe1 Ne5 14. Nxe5 Bxe5 15. Bxe5 Qxe5 16. Nb5 Nxb5 17. Bxb5 a6 18. f4 Qe7 19. Bf1 Bd7 20. g3 f6 21. Bg2 Qg7 22. Re3 Rae8 23. Rae1 b5 24. Qa5 Bc8 25. Qb6 Qd7 26. e5 fxe5 27. fxe5 Rxe5 28. Rxe5 dxe5 29. Qxc5 Qg4 30. d6 Re8 31. Bc6 Bd7 32. Qd5+ Kg7 33. Bxd7 Qxd7 34. Rc1 Qg4 35. d7 Rd8 36. Qxe5+ Kh6 37. Qe3+ Qg5 38. Qxg5+ Kxg5 39. Rd1 Kf5 40. Kf2 Ke6 41. Ke3 Ke5 42. b4 h6 43. h3 h5 44. Rd2 g5 45. g4 hxg4 46. hxg4 Kf6 47. Ke4 Ke6 48. Rd4 1-0

[Event "SWE-chT2 0910"]
[Site "Sweden"]
[Date "2009.10.25"]
[Round "2"]
[White "Todorovic, Zoran"]
[Black "Johansson, Gunnar"]
[Result "0-1"]
[WhiteElo "2099"]
[BlackElo "2229"]
[PlyCount "112"]
[EventDate "2009.10.24"]
[EventType "team"]
[EventRounds "9"]
[EventCountry "SWE"]
[SourceTitle "EXT 2011"]
[Source "ChessBase"]
[SourceDate "2010.11.26"]
[SourceVersion "1"]
[SourceVersionDate "2010.11.26"]
[SourceQuality "1"]
[WhiteTeam "Stockholm Rockaden II"]
[BlackTeam "Solna"]
[WhiteTeamCountry "SWE"]
[BlackTeamCountry "SWE"]

1. e4 c5 2. Nf3 e6 3. d4 cxd4 4. Nxd4 Nc6 5. Nxc6 bxc6 6. Bd3 d5 7. 0-0 Nf6 8. Nd2 Be7 9. Qe2 Nd7 10. c4 0-0 11. cxd5 cxd5 12. exd5 Nc5 13. Bc4 exd5 14. Bxd5 Qxd5 15. Qxe7 Ba6 16. b4 Bxf1 17. Nxf1 Qd4 18. Rb1 Qd3 19. Be3 Qxb1 20. Qxc5 Qxa2 21. g4 Rfc8 22. Qg5 h6 23. Qf5 Qe6 24. Qf3 Qb3 25. Ng3 Qxb4 26. Nf5 a5 27. Bd4 Rab8 28. h3 Qb7 29. Qf4 Qc7 30. Nxh6+ Kf8 31. Bc5+ Ke8 32. Qe4+ Kd8 33. Qd5+ Ke8 34. Qe4+ Kd8 35. Qd5+ Qd7 36. Nxf7+ Kc7 37. Bd6+ Kb6 38. Qd4+ Ka6 39. Qd3+ Qb5 40. Qg6 Qb1+ 41. Qxb1 Rxb1+ 42. Kg2 a4 43. h4 Rc4 44. f3 Rc3 45. h5 a3 46. Bxa3 Rxa3 47. Kg3 Rb7 48. Ng5 Kb5 49. Kf4 Kc6 50. Ne6 Kd6 51. Ng5 Ke7 52. Kg3 Rb4 53. Nh3 Kf6 54. Kf2 Rxg4 55. fxg4 Rxh3 56. Kg2 Rc3 0-1

[Event "SRB-chT3 South"]
[Site "Serbia"]
[Date "2007.??.??"]
[Round "3"]
[White "Sadiki, Nedzmedin"]
[Black "Todorovic, Zoran"]
[Result "0-1"]
[WhiteElo "2202"]
[BlackElo "2116"]
[PlyCount "84"]
[EventDate "2007.09.02"]
[EventType "team"]
[EventRounds "11"]
[EventCountry "SRB"]
[SourceTitle "EXT 2012"]
[Source "ChessBase"]
[SourceDate "2011.11.24"]
[SourceVersion "1"]
[SourceVersionDate "2011.11.24"]
[SourceQuality "1"]
[WhiteTeam "Bujanovac Besa"]
[BlackTeam "Vucje"]
[WhiteTeamCountry "SRB"]
[BlackTeamCountry "SRB"]

1. e4 c5 2. Nf3 d6 3. d4 cxd4 4. Nxd4 Nf6 5. Nc3 g6 6. Be3 Bg7 7. Be2 Nc6 8. Qd2 0-0 9. 0-0-0 Bd7 10. f3 Rc8 11. g4 Ne5 12. h4 Nc4 13. Bxc4 Rxc4 14. h5 Qa5 15. hxg6 fxg6 16. Nb3 Qa6 17. e5 Rxc3 18. Qxc3 Ne8 19. Bd4 Bc6 20. Rh3 Qe2 21. exd6 e5 22. Bxa7 Nxd6 23. Qd2 Qxd2+ 24. Nxd2 Nb5 25. Be3 Nd4 26. Bxd4 exd4 27. Re1 Bf6 28. Ne4 Be5 29. Kb1 Bf4 30. g5 Rf7 31. Nf6+ Kh8 32. Rg1 h5 33. Ne4 Be3 34. Re1 Kg7 35. b3 Bd7 36. Rhh1 Rxf3 37. Nd2 Bxd2 38. Re4 Be3 39. Kb2 Bc6 40. Re5 Rf7 41. Re1 h4 42. c3 h3 0-1

[Event "SRB-chT3 South"]
[Site "Serbia"]
[Date "2007.??.??"]
[Round "1"]
[White "Todorovic, Zoran"]
[Black "Markovic, Marko"]
[Result "0-1"]
[WhiteElo "2116"]
[BlackElo "2241"]
[PlyCount "80"]
[EventDate "2007.09.02"]
[EventType "team"]
[EventRounds "11"]
[EventCountry "SRB"]
[SourceTitle "EXT 2012"]
[Source "ChessBase"]
[SourceDate "2011.11.24"]
[SourceVersion "1"]
[SourceVersionDate "2011.11.24"]
[SourceQuality "1"]
[WhiteTeam "Vucje"]
[BlackTeam "Vlasotince"]
[WhiteTeamCountry "SRB"]
[BlackTeamCountry "SRB"]

1. e4 Nc6 2. d4 e5 3. Nf3 exd4 4. Nxd4 Nf6 5. Nxc6 bxc6 6. Bd3 d5 7. e5 Ng4 8. 0-0 Bc5 9. Bf4 f6 10. exf6 0-0 11. Bg5 Qd6 12. g3 Nxf2 13. Rxf2 Rxf6 14. Bxf6 Qxf6 15. Qe1 Bg4 16. Nc3 Rf8 17. Nd1 Bxd1 18. Qxd1 Qh6 19. Qc1 Be3 20. Qe1 Bxf2+ 21. Qxf2 Rxf2 22. Kxf2 Qxh2+ 23. Kf3 c5 24. b3 Qd2 25. Rh1 g6 26. Rh4 Kg7 27. Rf4 c6 28. Rh4 Qd1+ 29. Kf2 h6 30. Rf4 g5 31. Rf3 Qa1 32. a4 Qd4+ 33. Kg2 c4 34. bxc4 dxc4 35. Bf1 Qd5 36. g4 h5 37. Kg3 h4+ 38. Kg2 Qe4 39. c3 Qxg4+ 40. Kf2 Qe4 0-1

[Event "Rilton Cup 34th"]
[Site "Stockholm"]
[Date "2004.12.31"]
[Round "5"]
[White "Lindberg, Henrik"]
[Black "Todorovic, Zoran"]
[Result "1-0"]
[WhiteElo "2218"]
[BlackElo "2134"]
[PlyCount "93"]
[EventDate "2004.12.27"]
[EventType "swiss"]
[EventRounds "9"]
[EventCountry "SWE"]
[SourceTitle "CBM 104 Extra"]
[Source "ChessBase"]
[SourceDate "2005.03.01"]
[SourceVersion "1"]
[SourceVersionDate "2005.03.01"]
[SourceQuality "1"]

1. c4 Nf6 2. Nc3 c5 3. Nf3 Nc6 4. e3 d5 5. d4 cxd4 6. exd4 Bg4 7. cxd5 Nxd5 8. Qb3 Nb6 9. Be3 e6 10. Ne5 Bh5 11. Bb5 Rc8 12. g4 Bg6 13. h4 Nd5 14. h5 f6 15. Nxc6 bxc6 16. hxg6 cxb5 17. Rxh7 Rg8 18. Qxb5+ Qd7 19. Qxd7+ Kxd7 20. Nxd5 exd5 21. Rc1 Rb8 22. b3 Bd6 23. Ke2 Rbe8 24. Kd3 Re7 25. Rh5 Ba3 26. Rc2 Ke6 27. Rc6+ Bd6 28. Bf4 Rd8 29. Ra6 Rb7 30. Rh7 Rb6 31. Rxb6 axb6 32. Bxd6 Rxd6 33. Rxg7 f5 34. g5 Rd8 35. Rb7 f4 36. g7 Rg8 37. Rxb6+ Kf5 38. Rb7 Kxg5 39. Rf7 Kg4 40. a4 Kf3 41. b4 Kg2 42. Rxf4 Rxg7 43. Rf5 Rd7 44. a5 Kh3 45. b5 Kg4 46. Re5 Rd8 47. b6 1-0

[Event "Serbia-ch"]
[Site "Leskovac"]
[Date "2002.02.21"]
[Round "7"]
[White "Vratonjic, Slobodan"]
[Black "Todorovic, Zoran"]
[Result "1-0"]
[WhiteElo "2432"]
[BlackElo "2120"]
[PlyCount "105"]
[EventDate "2002.02.15"]
[EventType "swiss"]
[EventRounds "9"]
[EventCountry "YUG"]
[SourceTitle "CBM 086 Extra"]
[Source "ChessBase"]
[SourceDate "2002.03.14"]
[SourceVersion "1"]
[SourceVersionDate "2002.03.14"]
[SourceQuality "1"]

1. e4 c5 2. Nf3 d6 3. c3 d5 4. exd5 Qxd5 5. d4 e6 6. Na3 Nf6 7. Nb5 Na6 8. Qa4 Bd7 9. Be3 cxd4 10. Qxd4 Be7 11. Ne5 Bxb5 12. Qxd5 Nxd5 13. Bxb5+ Kf8 14. Bxa6 bxa6 15. Nc6 Rc8 16. Nxe7 Kxe7 17. Bxa7 Rc7 18. Be3 Nxe3 19. fxe3 Rb8 20. 0-0-0 Rb5 21. Rd2 Re5 22. Re1 Rc4 23. Rd4 Rxd4 24. cxd4 Ra5 25. a3 Kd6 26. Kd2 Rf5 27. Ke2 Rh5 28. h3 Rg5 29. g4 h5 30. Kf3 Rb5 31. b4 hxg4+ 32. hxg4 a5 33. Rb1 Kd5 34. Rb2 axb4 35. Rxb4 Rxb4 36. axb4 Kc4 37. Ke4 Kxb4 38. Ke5 Kc4 39. g5 Kd3 40. g6 fxg6 41. Kxe6 Kxe3 42. d5 Kf3 43. d6 g5 44. d7 g4 45. d8Q g3 46. Qf8+ Kg2 47. Qxg7 Kh1 48. Kf5 g2 49. Qh6+ Kg1 50. Kg4 Kf2 51. Qd2+ Kf1 52. Qd1+ Kf2 53. Qf3+ 1-0

[Event "Rilton Cup 30th"]
[Site "Stockholm"]
[Date "2001.01.05"]
[Round "9"]
[White "Horn, Emilia"]
[Black "Todorovic, Zoran"]
[Result "1-0"]
[WhiteElo "2052"]
[BlackElo "2151"]
[PlyCount "61"]
[EventDate "2000.12.27"]
[EventType "swiss"]
[EventRounds "9"]
[EventCountry "SWE"]
[SourceTitle "CBM 079 Extra"]
[Source "ChessBase"]
[SourceDate "2001.01.11"]
[SourceVersion "2"]
[SourceVersionDate "2001.01.25"]
[SourceQuality "1"]

1. e4 c5 2. Nf3 d6 3. d4 cxd4 4. Qxd4 Nc6 5. Bb5 Bd7 6. Bxc6 Bxc6 7. Bg5 Nf6 8. Nc3 h6 9. Bh4 e6 10. 0-0-0 Be7 11. Qd3 Qa5 12. Nd4 Rc8 13. Bxf6 Bxf6 14. f4 0-0 15. g4 Qb4 16. h4 g6 17. f5 exf5 18. gxf5 Be5 19. Qe3 Kh7 20. Rd3 Qb6 21. Rf1 a5 22. Nce2 Rce8 23. Rb3 Qa6 24. Nxc6 Qxc6 25. Rb6 Qc4 26. fxg6+ Kxg6 27. b3 Qc7 28. Nf4+ Bxf4 29. Rxf4 Re6 30. e5 Rxe5 31. Qxe5 1-0